| 000 | 00858nam a22002417a 4500 | ||
|---|---|---|---|
| 001 | BINCO | ||
| 003 | CO-MdBIC | ||
| 005 | 20220411153117.0 | ||
| 008 | 220409b2001 ck a|||| |||| 00| 0 spa d | ||
| 020 | _a9583008680 | ||
| 040 |
_a CO-MdBIC _bspa. _cCO-MdBIC _d CO-MdBIC |
||
| 041 | _aspa | ||
| 082 |
_222 _a863 _bAL366 |
||
| 100 | _aAlekos | ||
| 245 |
_aMatachita _c/ Alekos, escritor |
||
| 260 | 1 |
_aBogotá, Colombia: _bPanamericana, _c[2001] |
|
| 260 | 4 | _a©2001 | |
| 300 |
_a24 paginas; _bilustraciones a color: _c23 cm. |
||
| 490 | _aoa infantil | ||
| 500 | _aRenata, mi niña, es una fiesta: un día fue marinera de un pirata feroz, y ayer ave fantástica de la isla desierta. Hoy es un pez, es una piedra una dulce fruta silvestre de la sierra o una dragona azul, que ulula sobre la tierra. | ||
| 650 | 7 |
_9100 _aEducación infantil |
|
| 942 | _cLGB | ||
| 999 |
_c67721 _d67721 |
||